000 00628nam a2200241Ia 4500
003 OSt
005 20220918185045.0
006 a|||||r|||| 00| 0
007 ta
008 220917b |||||||| |||| 00| 0 eng d
024 _a49,386
037 _cTextual
040 _aARTS
_cARTS
_beng
041 _2eng
_aeng
082 _aP1:1, J5-;3-;7
100 _aLehmann W P
_967481
245 0 _aProto Indo European phonilogy
260 _aAustin
_bUniv of Texas Press
_c1955
300 _axi, 129p.
_ccm.
650 _aLINGUISTICS
942 _hP1:1, J5-;3-;7
_cTEXL
_2CC
999 _c179010
_d179010